| 000 | 00793nam a2200253Ia 4500 | ||
|---|---|---|---|
| 003 | OSt | ||
| 005 | 20260108113004.0 | ||
| 008 | 220909b |||||||| |||| 00| 0 eng d | ||
| 020 | _a0873351037 | ||
| 037 | _cReference Collections | ||
| 040 |
_aCSL _beng _cCSL |
||
| 041 | _aeng | ||
| 084 |
_aH71(x84) N4 RR _qCSL |
||
| 245 | 0 | _aIndustrial Minerals and Rocks | |
| 250 | _aEd 6 | ||
| 260 |
_aLittleton Colorado society for Mining, Metallurgy, and Exploration, Inc _c1994 |
||
| 300 |
_axvii,1196p. _c: ill. |
||
| 500 | _aIndex 1175-1196p | ||
| 650 |
_a Industrial _9862994 |
||
| 650 |
_a Mineral resources _9862995 |
||
| 650 |
_aGeology _9862996 |
||
| 942 |
_hH71(X8A) N4 RR _cREF _2CC _n0 |
||
| 999 |
_c44195 _d44195 |
||